ARRUPE JESUIT UNIVERSITY

CORONAVIRUS -STOP THE SPREAD - CLEAN,DISINFECT,COVER

Aquinas's way to God : (Record no. 123782)

MARC details
000 -LEADER
fixed length control field 01268cam a2200301 i 4500
001 - CONTROL NUMBER
control field 18350389
003 - CONTROL NUMBER IDENTIFIER
control field ARRUPE
005 - DATE AND TIME OF LATEST TRANSACTION
control field 20151112114823.0
008 - FIXED-LENGTH DATA ELEMENTS--GENERAL INFORMATION
fixed length control field 141028s2015 enk b 001 0 eng
010 ## - LIBRARY OF CONGRESS CONTROL NUMBER
LC control number 2014023867
020 ## - INTERNATIONAL STANDARD BOOK NUMBER
International Standard Book Number 9780190224806 (cloth : alk. paper)
040 ## - CATALOGING SOURCE
Original cataloging agency DLC
Language of cataloging eng
Transcribing agency DLC
Description conventions rda
Modifying agency DLC
042 ## - AUTHENTICATION CODE
Authentication code pcc
050 00 - LIBRARY OF CONGRESS CALL NUMBER
Classification number B765.T53
Item number D435 2015
082 00 - DEWEY DECIMAL CLASSIFICATION NUMBER
Classification number 212/.1
Edition number 23
300 ## - PHYSICAL DESCRIPTION
Dimensions 22 cm
100 1# - MAIN ENTRY--PERSONAL NAME
Personal name Kerr, Gaven.
9 (RLIN) 21075
245 10 - TITLE STATEMENT
Title Aquinas's way to God :
Remainder of title the proof in De ente et essentia /
Statement of responsibility, etc Gaven Kerr, OP.
300 ## - PHYSICAL DESCRIPTION
Extent xxi, 205 pages ;
504 ## - BIBLIOGRAPHY, ETC. NOTE
Bibliography, etc Includes bibliographical references and index.
505 0# - FORMATTED CONTENTS NOTE
Formatted contents note Essence/esse distinction and composition -- The argumentation for real distinction in De ente, cap. 4 -- Essence -- Esse -- The proof of God -- The causal principle -- The Per aliud principle and infinite regress -- Esse tantum -- Creation.
600 00 - SUBJECT ADDED ENTRY--PERSONAL NAME
Personal name Thomas,
Titles and other words associated with a name Aquinas, Saint,
Dates associated with a name 1225?-1274.
Title of a work De ente et essentia.
9 (RLIN) 21076
650 #0 - SUBJECT ADDED ENTRY--TOPICAL TERM
Topical term or geographic name as entry element Ontology.
9 (RLIN) 21077
650 #0 - SUBJECT ADDED ENTRY--TOPICAL TERM
Topical term or geographic name as entry element Substance (Philosophy)
9 (RLIN) 11323
650 #0 - SUBJECT ADDED ENTRY--TOPICAL TERM
Topical term or geographic name as entry element God
General subdivision Proof.
9 (RLIN) 148
906 ## - LOCAL DATA ELEMENT F, LDF (RLIN)
a 7
b cbc
c orignew
d 1
e ecip
f 20
g y-gencatlg
942 ## - ADDED ENTRY ELEMENTS (KOHA)
Source of classification or shelving scheme Library of Congress Classification
Koha item type Monograph ( Printed materials)
Holdings
Withdrawn status Lost status Source of classification or shelving scheme Damaged status Not for loan Collection code Home library Current library Shelving location Date acquired Total Checkouts Full call number Barcode Date last seen Date checked out Price effective from Koha item type
    Library of Congress Classification     Main Collection ARRUPE LIBRARY ARRUPE LIBRARY Main Collection 12/11/2015 1 B765.T531 V3 K41 2015 46500005563 29/04/2019 02/04/2019 12/11/2015 Monograph ( Printed materials)

 

Arrupe Library. PO Box MP320 Mt Pleasant, Harare, Zimbabwe
263 242 745411|librarian@aju.ac.zw